50 Villains: 50 Books Quiz Stats

 Plays Quiz Updated Feb 15, 2019

     
Support Sporcle.
Go Orange.
Score 0/50 Timer 08:00
1 Play Today
% Correct
101 Dalmatians
95.1%
Peter Pan
93.7%
Alice’s Adventures in Wonderland
93.6%
The Wizard of Oz
93.4%
Harry Potter and ...
93.2%
The Jungle Book
82.2%
2001: A Space Odyssey
81.3%
Treasure Island
81.2%
The Hobbit
71%
The Lion, the Witch, and the Wardrobe
65.5%
The Hunger Games
64.4%
Les Misérables
63.4%
Othello
63.1%
Oliver Twist
62.9%
Matilda
62.6%
It
62.4%
Beowulf
62%
Animal Farm
59%
Great Expectations
57.9%
The Three Musketeers
54.4%
A Series of Unfortunate Events
54%
A Game of Thrones
49.7%
The Great Gatsby
48.5%
Misery
44.9%
Pride and Prejudice
44.2%
% Correct
Lolita
42.8%
Doctor Faustus
39.7%
A Clockwork Orange
39.4%
Heart of Darkness
38.3%
No Country For Old Men
34.7%
To Kill a Mockingbird
31.8%
Rebecca
28.8%
Uncle Tom’s Cabin
26.5%
Lord of the Flies
25.4%
Catch-22
24.4%
Nineteen Eighty-Four
22.6%
Schindler's Ark
22.4%
The Scarlet Letter
22.3%
His Dark Materials
22.1%
Titus Andronicus
20%
Dune
19%
The Exorcist
16.5%
Brighton Rock
16.1%
The Last of the Mohicans
15.9%
East of Eden
12.9%
Gormenghast
12.6%
The Maltese Falcon
11.6%
Trilby
11.1%
The Woman in White
9.4%
The Birthday Party
7.7%

From the Vault

Mis-Matched Movies

by bowjest

Movies 5m
12 Angry Lambs is a movie we'd pay to see.
Remove Ads.
Support Sporcle.
Get the best of Sporcle when you Go Orange. This ad-free experience offers more features, more stats, and more fun while also helping to support Sporcle. Thank you for becoming a member.

Show Comments

Extras

Top Quizzes Today


Score Distribution

Your Account Isn't Verified!

In order to create a playlist on Sporcle, you need to verify the email address you used during registration. Go to your Sporcle Settings to finish the process.

Report this User

Report this user for behavior that violates our Community Guidelines.

Details: